000 00541nam a2200145 i 4500
001 190225
003 ES-MaACL
005 20230906223654.0
008 200917s1902 sp |||| | spa d
100 1 _aGarcía Fraguas, José Esteban (
_d1870-1908)
_954620
245 1 4 _aLos universitarios
_b: [Novela de tipos y costumbres académicas en 1898] /
_ccompuesta por... J. Esteban de Marchamalo... [Seud.].
260 _aMadrid :
_bBiblioteca de la Educación Nacional,
_c[1902?]
300 _a319 p. ;
_c24 cm.
852 _aES-MaACL
_jT-1013-F-8
999 _c190225
_d190225